<?xml version="1.0" encoding="UTF-8"?><?xml-stylesheet type="text/xsl" href="static/style.xsl"?><OAI-PMH xmlns="http://www.openarchives.org/OAI/2.0/" xmlns:xsi="http://www.w3.org/2001/XMLSchema-instance" xsi:schemaLocation="http://www.openarchives.org/OAI/2.0/ http://www.openarchives.org/OAI/2.0/OAI-PMH.xsd"><responseDate>2026-06-30T03:13:55Z</responseDate><request verb="GetRecord" identifier="oai:docta.ucm.es:20.500.14352/108569" metadataPrefix="marc">https://docta.ucm.es/rest/oai/request</request><GetRecord><record><header><identifier>oai:docta.ucm.es:20.500.14352/108569</identifier><datestamp>2025-03-18T14:55:47Z</datestamp><setSpec>com_20.500.14352_1</setSpec><setSpec>col_20.500.14352_5</setSpec></header><metadata><record xmlns="http://www.loc.gov/MARC21/slim" xmlns:dcterms="http://purl.org/dc/terms/" xmlns:xsi="http://www.w3.org/2001/XMLSchema-instance" xmlns:doc="http://www.lyncode.com/xoai" xsi:schemaLocation="http://www.loc.gov/MARC21/slim http://www.loc.gov/standards/marcxml/schema/MARC21slim.xsd">
   <leader>00925njm 22002777a 4500</leader>
   <datafield ind2=" " ind1=" " tag="042">
      <subfield code="a">dc</subfield>
   </datafield>
   <datafield ind2=" " ind1=" " tag="720">
      <subfield code="a">Porras Sánchez, María</subfield>
      <subfield code="e">author</subfield>
   </datafield>
   <datafield ind2=" " ind1=" " tag="720">
      <subfield code="a">Bautista Martín, Santiago</subfield>
      <subfield code="e">author</subfield>
   </datafield>
   <datafield ind2=" " ind1=" " tag="720">
      <subfield code="a">Cortés Vieco, Francisco José</subfield>
      <subfield code="e">author</subfield>
   </datafield>
   <datafield ind2=" " ind1=" " tag="720">
      <subfield code="a">Gómez Sáez, Julia Cristina</subfield>
      <subfield code="e">author</subfield>
   </datafield>
   <datafield ind2=" " ind1=" " tag="720">
      <subfield code="a">Urquía Asensio, Ainhoa</subfield>
      <subfield code="e">author</subfield>
   </datafield>
   <datafield ind2=" " ind1=" " tag="720">
      <subfield code="a">Vericat Pérez-Mínguez, Fabio Luis</subfield>
      <subfield code="e">author</subfield>
   </datafield>
   <datafield ind2=" " ind1=" " tag="720">
      <subfield code="a">Vilches Fuentes, Gerardo</subfield>
      <subfield code="e">author</subfield>
   </datafield>
   <datafield ind2=" " ind1=" " tag="720">
      <subfield code="a">Caballero Gálvez, Antonio Alfredo</subfield>
      <subfield code="e">author</subfield>
   </datafield>
   <datafield ind2=" " ind1=" " tag="720">
      <subfield code="a">García McCausland, Elisa</subfield>
      <subfield code="e">author</subfield>
   </datafield>
   <datafield ind2=" " ind1=" " tag="720">
      <subfield code="a">Granadino Hergueta, Juana</subfield>
      <subfield code="e">author</subfield>
   </datafield>
   <datafield ind2=" " ind1=" " tag="720">
      <subfield code="a">Marco Azcárate, Carmen</subfield>
      <subfield code="e">author</subfield>
   </datafield>
   <datafield ind2=" " ind1=" " tag="720">
      <subfield code="a">Rodríguez Romero, Asunción</subfield>
      <subfield code="e">author</subfield>
   </datafield>
   <datafield ind2=" " ind1=" " tag="720">
      <subfield code="a">Escudero Gómez, Aitana</subfield>
      <subfield code="e">author</subfield>
   </datafield>
   <datafield ind2=" " ind1=" " tag="720">
      <subfield code="a">Vila Pena, Abraham</subfield>
      <subfield code="e">author</subfield>
   </datafield>
   <datafield ind2=" " ind1=" " tag="720">
      <subfield code="a">Albuja Aguilar, María Augusta</subfield>
      <subfield code="e">author</subfield>
   </datafield>
   <datafield ind2=" " ind1=" " tag="720">
      <subfield code="a">Díaz Sánchez, Carmen Sofía</subfield>
      <subfield code="e">author</subfield>
   </datafield>
   <datafield ind2=" " ind1=" " tag="720">
      <subfield code="a">Rodríguez Arnaiz, Laura</subfield>
      <subfield code="e">author</subfield>
   </datafield>
   <datafield ind2=" " ind1=" " tag="720">
      <subfield code="a">Acién Martín, Marina</subfield>
      <subfield code="e">author</subfield>
   </datafield>
   <datafield ind2=" " ind1=" " tag="720">
      <subfield code="a">Casado Rodrigo, Ángel</subfield>
      <subfield code="e">author</subfield>
   </datafield>
   <datafield ind2=" " ind1=" " tag="720">
      <subfield code="a">Guillén Calderón, Marta</subfield>
      <subfield code="e">author</subfield>
   </datafield>
   <datafield ind2=" " ind1=" " tag="720">
      <subfield code="a">Olalde Vega, Beatriz Pilar</subfield>
      <subfield code="e">author</subfield>
   </datafield>
   <datafield ind2=" " ind1=" " tag="720">
      <subfield code="a">Pereira Lamela, Marina</subfield>
      <subfield code="e">author</subfield>
   </datafield>
   <datafield ind2=" " ind1=" " tag="260">
      <subfield code="c">2024-09-30</subfield>
   </datafield>
   <datafield ind2=" " ind1=" " tag="520">
      <subfield code="a">El proyecto «Narrativas gráficas para repensar el mundo: iniciativas de aula invertida y aprendizaje colaborativo en torno al cómic» es la continuación de varios proyectos de alcance similar (2020/21, 2021/22 y 2022/23). El enfoque de estos proyectos busca aproximarse al cómic a través de lecturas, exposiciones y talleres desde una perspectiva académica, resaltando sus aspectos formativos, divulgativos y didácticos para el estudiantado de las facultades de Filología y Educación en el marco de los ODS. El proyecto se desarrolla en torno a seis ejes de actuación: (1) Club de lectura de cómic autogestionado por estudiantes, bajo el título «Narrativas gráficas para repensar el mundo», con títulos orientados a profundizar en algunos de los objetivos de la Agenda 2030; (2) talleres impartidos por el profesorado y estudiantes participantes en el proyecto; (3) participación y asistencia en congresos relacionados; (4) encuentros y salidas fuera de la universidad; (5) actividades de transferencia, como una exposición; (6) actividades para estudiantes de Educación (CES Don Bosco, adscrito a la UCM). 

El objeto principal de este proyecto es el mismo de la convocatoria 2023/24 de proyectos Innova, «fomentar el esfuerzo de toda la comunidad universitaria en la mejora de la enseñanza y el aprendizaje de los estudiantes […] partiendo del impulso a la creación de equipos de trabajo colaborativo». Creemos que ni las ratios elevadas en grados como EE. Ingleses ni la extensión y rigidez de los temarios favorecen la creación de entornos colaborativos dentro del aula ni el aprendizaje entre pares. Más allá del trabajo de los doctorandos en los grupos de investigación, tampoco encontramos espacios donde el estudiantado pueda poner en marcha iniciativas formativas destinadas a sus pares en las distintas etapas de su formación o presentar sus trabajos. Ni siquiera es demasiado habitual el uso de redes sociales con fines didácticos. Hasta el curso 24/25, tampoco existían programas en la Facultad de Filología o en Educación que explorasen las narrativas gráficas ni sus posibilidades didácticas en profundidad, ni fondos relevantes de narrativa gráfica en nuestras bibliotecas. Estas eran las contingencias que el presente proyecto pretendía paliar y que hizo constar en la solicitud, que recibió la mejor puntuación de la convocatoria en categoría de Artes y Humanidades.</subfield>
   </datafield>
   <datafield ind1="8" ind2=" " tag="024">
      <subfield code="a">https://hdl.handle.net/20.500.14352/108569</subfield>
   </datafield>
   <datafield ind1="8" ind2=" " tag="024">
      <subfield code="a">167</subfield>
   </datafield>
   <datafield ind1="8" ind2=" " tag="024">
      <subfield code="a">https://www.instagram.com/proyectoicomics/?hl=es</subfield>
   </datafield>
   <datafield ind1="8" ind2=" " tag="024">
      <subfield code="a">https://x.com/proyectoicomics</subfield>
   </datafield>
   <datafield ind2="0" ind1="0" tag="245">
      <subfield code="a">Narrativas gráficas para repensar el mundo: iniciativas de aula invertida y aprendizaje colaborativo en torno al cómic</subfield>
   </datafield>
</record></metadata></record></GetRecord></OAI-PMH>